|
|
|
|
| LEADER |
00811cam a2200229 7i4500 |
| 001 |
0000052003 |
| 005 |
20220607090000.0 |
| 008 |
181029 eng |
| 020 |
|
|
|a 9789670761145
|
| 090 |
0 |
0 |
|a HG4026
|b .C94 2016
|
| 245 |
0 |
0 |
|a Corporate finance
|c Stephen A. Ross ... [et al.].
|
| 250 |
|
|
|a 2nd ed.
|
| 260 |
|
|
|a Shah Alam, Selangor:
|b McGraw-Hill Education Sdn. Bhd.,
|c 2016.
|
| 300 |
|
|
|a vii, 454 p.:
|b ill.;
|c 26 cm.
|
| 500 |
|
|
|a Includes index
|
| 500 |
|
|
|a Gift: Faculty of Business & Accountancy
|
| 500 |
|
|
|a Gift: Saudari Noormuzdhalifa Mustapha
|
| 650 |
0 |
0 |
|a Corporations --
|x Finance
|
| 700 |
1 |
|
|a Ross, Stephen A
|
| 997 |
|
|
|a Business & Accountancy, Faculty
|
| 999 |
|
|
|a 0000062037
|b BOK
|c OPEN SHELF
|e 1st Floor, Shah Alam
|
| 999 |
|
|
|a 0000065084
|b BOK
|c OPEN SHELF
|e 1st Floor, Shah Alam
|